header

How to organize and run a failure investigation (Record no. 60850)

MARC details
000 -LEADER
fixed length control field 01127nam a22002894a 4500
082 04 - DEWEY DECIMAL CLASSIFICATION NUMBER
Classification number 624.1/71
100 1# - MAIN ENTRY--AUTHOR NAME
Personal name Dennies, Daniel P.
245 10 - TITLE STATEMENT
Title How to organize and run a failure investigation
260 ## - PUBLICATION, DISTRIBUTION, ETC. (IMPRINT)
Place of publication Materials Park, OH :
Name of publisher ASM International,
Year of publication 2005.
300 ## - PHYSICAL DESCRIPTION
Number of Pages vii, 223 p. :
Other physical details ill.
650 #0 - SUBJECT ADDED ENTRY--TOPICAL TERM
Topical Term Structural failures
856 40 - ELECTRONIC LOCATION AND ACCESS
Uniform Resource Identifier http://site.ebrary.com/lib/rucke/Doc?id=10320346

No items available.

© 2026 Rongo University
Contact us: librarian | system librarian | Rongo university